000 00638nam a2200205 i 4500
001 44554
003 ES-MaACL
005 20250727164332.0
007 t|
008 030321s1920 fr ||||1| fre d
100 1 _aClerc, L. P.
_939219
245 1 0 _aApplications de la photographie aerienne /
_cL.P. Clerc.
260 _a[S.l. :
_bs.n.,
_c1920] (
_eSaint Amand :
_fBussière)
300 _a350, I-XII p., I-X lám. :
_bil. ;
_c18 cm.
490 1 _aEncyclopédie scientifique
650 7 _aFotografía aérea
_2embne
_9154991
830 0 _aEncyclopédie scientifique
_9180883
852 _aES-MaACL
_jD-4325
999 _c44554
_d44554